000 00319nam a2200133Ia 4500
008 191201s2011 xx 000 0 und d
100 _aJAIN, Preeti
245 0 _aEngineering Chemistry Practical books
250 _a3rd
260 _aN. Delhi
_bVariety books
_c2011
300 _a142
650 _aApplied
942 _2ddc
_cBK
999 _c85
_d85